<?xml version="1.0" encoding="UTF-8"?>
<record
    xmlns:xsi="http://www.w3.org/2001/XMLSchema-instance"
    xsi:schemaLocation="http://www.loc.gov/MARC21/slim http://www.loc.gov/standards/marcxml/schema/MARC21slim.xsd"
    xmlns="http://www.loc.gov/MARC21/slim">

  <leader>00292nam a22001097a 4500</leader>
  <datafield tag="082" ind1=" " ind2=" ">
    <subfield code="a">891.431&#x66B;&#x6D4;&#x628; &#x634; &#x6CC; </subfield>
  </datafield>
  <datafield tag="100" ind1=" " ind2=" ">
    <subfield code="a">&#x628;&#x634;&#x6CC;&#x631; &#x62C;&#x627;&#x645;&#x6CC;</subfield>
  </datafield>
  <datafield tag="245" ind1=" " ind2=" ">
    <subfield code="a">&#x62C;&#x646;&#x6AF;&#x644; &#x6A9;&#x6CC; &#x622;&#x6AF;  &#x634;&#x627;&#x639;&#x631;&#x6CC; &#x6A9;&#x627; &#x627;&#x6CC;&#x6A9; &#x62A;&#x62C;&#x632;&#x6CC;&#x627;&#x62A;&#x6CC; &#x645;&#x639;&#x627;&#x635;&#x631;&#x6C1;</subfield>
  </datafield>
  <datafield tag="260" ind1=" " ind2=" ">
    <subfield code="a">&#x6A9;&#x631;&#x627;&#x686;&#x6CC;</subfield>
    <subfield code="c">&#x6F1;&#x6F9;&#x6F9;&#x6F1;</subfield>
  </datafield>
  <datafield tag="300" ind1=" " ind2=" ">
    <subfield code="a">&#x6F1;&#x6F1;&#x6F2;</subfield>
  </datafield>
  <datafield tag="942" ind1=" " ind2=" ">
    <subfield code="c">BK</subfield>
  </datafield>
  <datafield tag="999" ind1=" " ind2=" ">
    <subfield code="c">57802</subfield>
    <subfield code="d">57799</subfield>
  </datafield>
  <datafield tag="952" ind1=" " ind2=" ">
    <subfield code="0">0</subfield>
    <subfield code="1">0</subfield>
    <subfield code="4">0</subfield>
    <subfield code="7">0</subfield>
    <subfield code="8">REF</subfield>
    <subfield code="a">REF</subfield>
    <subfield code="b">REF</subfield>
    <subfield code="d">2017-08-10</subfield>
    <subfield code="l">0</subfield>
    <subfield code="o">891.431  (Shelf - 96E)</subfield>
    <subfield code="p">18037</subfield>
    <subfield code="r">2017-08-10 00:00:00</subfield>
    <subfield code="y">BK</subfield>
  </datafield>
</record>
